Govt. of
Madhya Pradesh

A Bird's Eye View Of The Upanisads (Record no. 7087)

MARC details
000 -LEADER
fixed length control field 003220000a22001330004500
003 - CONTROL NUMBER IDENTIFIER
control field MACL
040 ## - CATALOGING SOURCE
Original cataloging agency MACL
090 ## - LOCALLY ASSIGNED LC-TYPE CALL NUMBER (OCLC); LOCAL CALL NUMBER (RLIN)
-- 7134
-- 7133
100 ## - MAIN ENTRY--PERSONAL NAME
Personal name Ananyananda, Swami
245 ## - TITLE STATEMENT
Title A Bird's Eye View Of The Upanisads
260 ## - PUBLICATION, DISTRIBUTION, ETC. (IMPRINT)
Name of publisher, distributor, etc. The Ramakrishna Mission Institute Of Culture
Date of publication, distribution, etc. 1965
650 ## - SUBJECT ADDED ENTRY--TOPICAL TERM
Topical term or geographic name as entry element Religion
942 ## - ADDED ENTRY ELEMENTS (KOHA)
Koha item type Library Membar
Call number prefix 294
Holdings
Withdrawn status Lost status Source of classification or shelving scheme Damaged status Not for loan Home library Current library Date acquired Total Checkouts Full call number Barcode Date last seen Uniform Resource Identifier Price effective from Koha item type
          MACL MACL 15/04/2015   294 ANA CRE002485 02/05/2024 7020 15/04/2015 Books